Catalog

Record Details

Catalog Search



Blue pills : a positive love story / Frederik ... Read More

Available copies

  • 1 of 2 copies available at LARL/NWRL Consortium.
  • 1 of 2 copies available at Lake Agassiz Regional Library. (Show preferred library)

Current holds

0 current holds with 2 total copies.

Show Only Available Copies
Location Call Number / Copy Notes Barcode Shelving Location Status Due Date
Fosston Public Library G 741.5949 PEE (Text) 33500011268067 Main Available -
Moorhead Public Library G 741.5949 PEE (Text) 33500011268059 Main Checked out 07/18/2026

Record details

  • ISBN: 9780618820993
  • ISBN: 061882099X
  • Physical Description: 130 p. : chiefly ill. ; 24 cm.
  • Publisher: Boston : Houghton Mifflin, 2008.

Content descriptions

General Note:
Originally published: Genéve : Atrabile, 2001.
Summary, etc.:
A graphic memoir in which Swiss comic artist ... Read More
Subject: Graphic novels > Switzerland > Translations into English.
HIV-positive persons > Comic books, strips, etc.
LDR 01448cam a2200337 a 4500
001125011
003LARL_NWRL_CONSORTIUM
00520101202123046.0
008070301s2008 maua 000 0 eng
010 . ‡a2007008914
020 . ‡a9780618820993
020 . ‡a061882099X
035 . ‡a(OCoLC)85766677
040 . ‡aDLC ‡cDLC ‡dFHP ‡dYDXCP
0411 . ‡aeng ‡hfre
05000. ‡aPN6790.S93 ‡bP4413 2008
08200. ‡a741.5/9494 ‡222
1001 . ‡aPeeters, Frederik.
24510. ‡aBlue pills : ‡ba positive love story / ‡cFrederik Peeters ; translated from the French by Anjali Singh.
260 . ‡aBoston : ‡bHoughton Mifflin, ‡c2008.
300 . ‡a130 p. : ‡bchiefly ill. ; ‡c24 cm.
500 . ‡aOriginally published: Genéve : Atrabile, 2001.
520 . ‡aA graphic memoir in which Swiss comic artist Frederick Peeters chronicles his relationship with his HIV positive girlfriend and her young son, who also has the disease.
650 0. ‡aGraphic novels ‡zSwitzerland ‡vTranslations into English.
650 0. ‡aHIV-positive persons ‡vComic books, strips, etc.
948 . ‡hNO HOLDINGS IN LAL - 410 OTHER HOLDINGS
994 . ‡aZ0 ‡bLAL
901 . ‡a125011 ‡bOCLC ‡c125011 ‡tbiblio

Additional Resources